| 000 | 00682nam a22001457a 4500 | ||
|---|---|---|---|
| 008 | 091122t ua||||| |||| 00| 0 ara d | ||
| 020 | _a977250233X | ||
| 082 |
_222 _a231.9590 _bع ا ش |
||
| 245 |
_aموسوعة الطير والحيوان فى الحديث النبوي/ _cعبد اللطيف عاشور |
||
| 260 |
_aالقاهرة: _bمكتبة القرآن، _c2000 |
||
| 300 |
_a430 ؛ ص _c23 سم |
||
| 650 |
_99502 _aالحيوانات فى الحديث النبوي |
||
| 942 |
_2ddc _cBB |
||
| 999 |
_c12949 _d12949 |
||